000 00525cam a2200145 4500500
005 20260405003226.0
041 _afre
042 _adc
100 1 0 _aKramer, Pierre
_eauthor
245 0 0 _aDenis Salas, La Volonté de punir . Essai sur le populisme pénal. Hachette/Littératures, 2005, 286 pages, 20,50 €
260 _c2005.
500 _a16
786 0 _nÉtudes | 403 | 7 | 2005-07-01 | p. XXIII-XXIII | 0014-1941
856 4 1 _uhttps://shs.cairn.info/revue-etudes-2005-7-page-XXIII?lang=fr&redirect-ssocas=7080
999 _c2065519
_d2065519